[Event "34th GER-ch"]
[Site "Munich GER"]
[Date "2025.05.15"]
[Round "1.1"]
[White "Svane, Rasmus"]
[Black "Huschenbeth, Niclas"]
[Result "1-0"]
[WhiteElo "2629"]
[BlackElo "2601"]
[EventDate "2025.05.15"]
[PlyCount "153"]

1.d4 d5 2.c4 c5 3.cxd5 Nf6 4.Nc3 Nxd5 5.Nf3 cxd4 6.Qxd4 Nxc3 7.Qxc3 Nc6 8.
e4 Bd7 9.Be2 e5 10.O-O Bb4 11.Qb3 Be6 12.Bc4 Bxc4 13.Qxc4 Qe7 14.Be3 O-O 
15.a3 Bd6 16.Rfd1 h6 17.Rd5 Rac8 18.Qb3 Rfd8 19.Rad1 b6 20.h3 Kh7 21.Qb5 
Bc5 22.b4 Nd4 23.Bxd4 Bxd4 24.Nxd4 exd4 25.Qd3 Rxd5 26.exd5+ g6 27.Qxd4 
Qd6 28.g3 a6 29.Rd3 Rd8 30.Qc4 a5 31.bxa5 bxa5 32.Qb5 Qc7 33.d6 Rxd6 34.
Rxd6 Qxd6 35.Qxa5 Qd1+ 36.Kg2 Qd4 37.Qa8 h5 38.h4 Kg7 39.a4 g5 40.hxg5 h4 
41.Qc6 Kg8 42.Qa8+ Kg7 43.Qc6 Kg8 44.g6 Kg7 45.gxf7 hxg3 46.Qf3 Kf8 47.
Qa3+ Kxf7 48.Qf3+ Kg7 49.Qxg3+ Kh8 50.Kh3 Qd7+ 51.Qg4 Qd3+ 52.Kg2 Qd5+ 53.
Kh2 Qd6+ 54.Qg3 Qc5 55.Qf4 Qh5+ 56.Kg3 Qg6+ 57.Kh3 Qd3+ 58.Kh2 Qh7+ 59.Kg3
Qg6+ 60.Qg4 Qd6+ 61.Kh3 Qd3+ 62.Kg2 Qd5+ 63.Kg1 Qc5 64.Qh3+ Kg8 65.Qb3+ 
Kh8 66.Qb5 Qc1+ 67.Kg2 Qf4 68.Qh5+ Kg7 69.a5 Qc4 70.Qe5+ Kh7 71.Qe7+ Kg8 
72.Qd8+ Kf7 73.Qd7+ Kg8 74.Qd6 Qe4+ 75.Kg3 Kh8 76.Qh6+ Kg8 77.Qg5+ 1-0

[Event "34th GER-ch"]
[Site "Munich GER"]
[Date "2025.05.15"]
[Round "1.2"]
[White "Donchenko, Alexander"]
[Black "Bluebaum, Matthias"]
[Result "0-1"]
[WhiteElo "2615"]
[BlackElo "2660"]
[EventDate "2025.05.15"]
[PlyCount "102"]

1.d4 d5 2.c4 c6 3.cxd5 cxd5 4.Bf4 Nc6 5.e3 Nf6 6.Bd3 Bg4 7.Ne2 e6 8.Nbc3 
Bd6 9.Bg5 Bh5 10.Qb3 a6 11.Nf4 Bg6 12.Nxg6 hxg6 13.h3 Qc7 14.Qd1 Nh7 15.
Bh4 Nf8 16.Bg5 f6 17.Bf4 Bxf4 18.exf4 Qxf4 19.Ne2 Qd6 20.O-O g5 21.f4 gxf4
22.Rxf4 f5 23.Qd2 g5 24.Rf2 Rg8 25.Re1 O-O-O 26.Rb1 Nd7 27.b4 Nf6 28.b5 
axb5 29.Bxb5 Ne4 30.Qb2 Na5 31.Rff1 Kb8 32.Bd3 Rg7 33.Rfc1 Rc7 34.Rxc7 
Qxc7 35.Qa3 Nc4 36.Qa4 Rc8 37.Rc1 Ng3 38.Rb1 Nxe2+ 39.Bxe2 Nd2 40.Rd1 Ne4 
41.Rd3 Nc3 42.Qc2 Qf4 43.Bf1 Ne4 44.Qb2 Rc1 45.Rf3 Qd2 46.Qb6 Rc6 47.Qd8+ 
Rc8 48.Qb6 g4 49.Ba6 Rc1+ 50.Kh2 Qf4+ 51.Rxf4 g3# 0-1

[Event "34th GER-ch"]
[Site "Munich GER"]
[Date "2025.05.15"]
[Round "1.4"]
[White "Svane, Frederik"]
[Black "Wagner, Dennis"]
[Result "0-1"]
[WhiteElo "2671"]
[BlackElo "2616"]
[EventDate "2025.05.15"]
[PlyCount "134"]

1.e4 e5 2.Nf3 Nc6 3.Bb5 a6 4.Ba4 Nf6 5.O-O Nxe4 6.d4 b5 7.Bb3 d5 8.dxe5 
Be6 9.c3 Be7 10.Nbd2 Nc5 11.Bc2 d4 12.Nb3 d3 13.Bb1 Nxb3 14.axb3 Bf5 15.b4
O-O 16.Bf4 Qd7 17.h3 Rfd8 18.Re1 a5 19.bxa5 Rxa5 20.Rxa5 Nxa5 21.Nd4 g5 
22.Ba2 Nc4 23.Bd2 h6 24.Bxc4 bxc4 25.Qf3 Be6 26.Nc6 Rc8 27.Nxe7+ Qxe7 28.
Qh5 Qf8 29.h4 Rb8 30.hxg5 Rxb2 31.gxh6 Kh7 32.Qd1 Qg8 33.Re3 Qg4 34.Qc1 
Rb8 35.Qe1 Rb2 36.Qc1 Rb8 37.Qe1 Rb2 38.Re4 Qg6 39.f3 Ra2 40.Kh2 Qh5+ 41.
Rh4 Qg6 42.Qe3 Ra1 43.Qf2 Ra2 44.Qe1 Rb2 45.Rf4 Qh5+ 46.Kg1 Rb5 47.Re4 Rb2
48.Rh4 Qg6 49.Rf4 Qg8 50.Kh2 Ra2 51.Rf6 Bd5 52.Qe3 Kh8 53.g4 Bxf3 54.Rxf3 
Qxg4 55.Rf1 Qe2+ 56.Qxe2 dxe2 57.Re1 Rxd2 58.Kg3 Kh7 59.Kf4 Kxh6 60.Kf5 
Kg7 61.Kg5 Kf8 62.Kf6 Ke8 63.e6 fxe6 64.Kxe6 Kd8 65.Ke5 Kd7 66.Ke4 Kc6 67.
Ke3 Rd8 0-1

[Event "34th GER-ch"]
[Site "Munich GER"]
[Date "2025.05.15"]
[Round "1.5"]
[White "Kraemer, Martin"]
[Black "Costa, Leonardo"]
[Result "0-1"]
[WhiteElo "2581"]
[BlackElo "2531"]
[EventDate "2025.05.15"]
[PlyCount "74"]

1.e4 e5 2.Nf3 Nc6 3.Bb5 a6 4.Ba4 Nf6 5.O-O Nxe4 6.d4 Be7 7.Re1 b5 8.Rxe4 
d5 9.Nxe5 Nxe5 10.Rxe5 bxa4 11.Qe2 Be6 12.f4 Kf8 13.f5 Bd7 14.b3 Bf6 15.
Ba3+ Kg8 16.Nc3 Bxe5 17.Qxe5 Bc6 18.Be7 Qd7 19.f6 h5 20.fxg7 Rh6 21.Rf1 
Re8 22.Qf4 Qe6 23.Bf6 Rg6 24.Be5 f6 25.Bxf6 Qe3+ 26.Qxe3 Rxe3 27.Nd1 Re2 
28.g3 Bb5 29.Nc3 Re6 30.Nxb5 Rexf6 31.Rxf6 Rxf6 32.Nxc7 Rc6 33.Nxd5 Rxc2 
34.bxa4 Rxa2 35.Nb6 Kxg7 36.h3 Kf7 37.g4 h4 0-1

[Event "34th GER-ch"]
[Site "Munich GER"]
[Date "2025.05.16"]
[Round "2.1"]
[White "Huschenbeth, Niclas"]
[Black "Costa, Leonardo"]
[Result "1/2-1/2"]
[WhiteElo "2601"]
[BlackElo "2531"]
[EventDate "2025.05.15"]
[PlyCount "80"]

1.d4 d5 2.Nf3 Nf6 3.c3 Bf5 4.Qb3 Qc8 5.c4 dxc4 6.Qxc4 e6 7.g3 Nbd7 8.Bg2 
Be7 9.O-O O-O 10.Nc3 Ne4 11.Nh4 Bxh4 12.Nxe4 Be7 13.Bf4 Bxe4 14.Bxe4 c6 
15.Rac1 Rd8 16.Rfd1 Nf6 17.Bg2 Nd5 18.Bd2 Nb6 19.Qc3 a5 20.e4 Bb4 21.Qe3 
Bxd2 22.Rxd2 Rd6 23.Rcc2 Qd8 24.h4 h6 25.a3 Nc8 26.d5 cxd5 27.exd5 exd5 
28.Bxd5 Rxd5 29.Rxd5 Qxd5 30.Qe8+ Kh7 31.Rxc8 Rxc8 32.Qxc8 g6 33.Qc3 a4 
34.Qf6 h5 35.Kh2 b5 36.Kg1 Kg8 37.Kf1 Qd1+ 38.Kg2 Qd5+ 39.Kf1 Qd1+ 40.Kg2 
Qd5+ 1/2-1/2

[Event "34th GER-ch"]
[Site "Munich GER"]
[Date "2025.05.16"]
[Round "2.2"]
[White "Wagner, Dennis"]
[Black "Kraemer, Martin"]
[Result "1/2-1/2"]
[WhiteElo "2616"]
[BlackElo "2581"]
[EventDate "2025.05.15"]
[PlyCount "123"]

1.e4 c5 2.Nf3 Nc6 3.Bb5 e6 4.O-O Nge7 5.d4 cxd4 6.Nxd4 Ng6 7.c3 Be7 8.Be3 
O-O 9.Nd2 a6 10.Be2 b5 11.Nxc6 dxc6 12.a4 Rb8 13.Qc2 e5 14.Rfd1 Nf4 15.
Bxf4 exf4 16.e5 Qc7 17.Qe4 bxa4 18.Nc4 Be6 19.Rxa4 a5 20.Qxf4 Bxc4 21.Bxc4
Rxb2 22.Ra2 Rxa2 23.Bxa2 Bc5 24.h4 Qe7 25.h5 Bb6 26.Qf5 Qa3 27.Qc2 Qc5 28.
Re1 Kh8 29.h6 g6 30.Qd2 Qe7 31.Qd6 Bd8 32.g3 f6 33.Qxe7 Bxe7 34.e6 Rd8 35.
Rb1 Kg8 36.Rb7 Kf8 37.Ra7 Rd2 38.Rxa5 f5 39.Bb3 Ke8 40.Ra8+ Bd8 41.Ra7 Be7
42.Rc7 Kd8 43.Ra7 Ke8 44.Ra6 Rd6 45.Kf1 Bf8 46.Ra8+ Rd8 47.Ra7 Bxh6 48.
Rxh7 Bd2 49.Rg7 Bxc3 50.Rxg6 Ke7 51.Rg5 Rb8 52.Bc2 f4 53.Rc5 Bb4 54.Rxc6 
fxg3 55.fxg3 Bd6 56.Bf5 Bxg3 57.Ke2 Rb5 58.Bg4 Rb4 59.Bh3 Rb2+ 60.Kd3 Bd6 
61.Bg4 Rb4 62.Rc4 1/2-1/2

[Event "34th GER-ch"]
[Site "Munich GER"]
[Date "2025.05.16"]
[Round "2.4"]
[White "Bluebaum, Matthias"]
[Black "Dobrikov, Marco"]
[Result "1-0"]
[WhiteElo "2660"]
[BlackElo "2404"]
[EventDate "2025.05.15"]
[PlyCount "89"]

1.d4 Nf6 2.c4 e6 3.Nf3 d5 4.Nc3 dxc4 5.e3 a6 6.a4 Bb4 7.Bxc4 b6 8.O-O Bb7 
9.Qe2 Nbd7 10.Bd3 Qe7 11.e4 e5 12.Nxe5 Nxe5 13.dxe5 Qxe5 14.f4 Qh5 15.Qxh5
Nxh5 16.e5 O-O-O 17.Bf5+ Kb8 18.Be3 g6 19.Bc2 Ng7 20.Rad1 Bxc3 21.bxc3 a5 
22.Bb3 Ba6 23.Rfe1 Ne6 24.g4 Rxd1 25.Rxd1 Rd8 26.f5 Rxd1+ 27.Bxd1 gxf5 28.
gxf5 Nd8 29.Bc2 Kc8 30.Kf2 Kd7 31.Kf3 Bc4 32.Kg4 Nc6 33.Bf4 b5 34.axb5 
Bxb5 35.Kg5 a4 36.Kf6 Ke8 37.Kg7 Ne7 38.f6 a3 39.e6 Bc4 40.Ba4+ c6 41.fxe7
a2 42.Bg5 f6 43.Bxf6 Bb5 44.Bd1 a1=Q 45.Bh5# 1-0

[Event "34th GER-ch"]
[Site "Munich GER"]
[Date "2025.05.16"]
[Round "2.5"]
[White "Svane, Rasmus"]
[Black "Donchenko, Alexander"]
[Result "1/2-1/2"]
[WhiteElo "2629"]
[BlackElo "2615"]
[EventDate "2025.05.15"]
[PlyCount "82"]

1.d4 Nf6 2.c4 e6 3.Nf3 b6 4.g3 Ba6 5.b3 Bb4+ 6.Bd2 Be7 7.Bg2 O-O 8.O-O d5 
9.Ne5 c5 10.dxc5 Qc7 11.Nd3 dxc4 12.bxc4 Bb7 13.cxb6 axb6 14.Bf4 Qc8 15.
Bxb7 Qxb7 16.Nd2 Nc6 17.Rb1 Rxa2 18.Be3 Ra6 19.Qb3 Rb8 20.Nf3 Qa8 21.Bf4 
Rc8 22.Nde5 Nxe5 23.Nxe5 Ne4 24.Qf3 Bc5 25.Be3 f6 26.Nd3 Nc3 27.Nxc5 Qxf3 
28.exf3 bxc5 29.Rb2 Rd6 30.Ra1 Rd1+ 31.Rxd1 Nxd1 32.Rb7 Nxe3 33.fxe3 Ra8 
34.Rc7 Ra3 35.Kf2 Ra2+ 36.Kg1 Ra3 37.Rxc5 Rxe3 38.Kf2 Rc3 39.h4 h5 40.f4 
Kf7 41.Rxh5 Rxc4 1/2-1/2

[Event "34th GER-ch"]
[Site "Munich GER"]
[Date "2025.05.17"]
[Round "3.1"]
[White "Donchenko, Alexander"]
[Black "Huschenbeth, Niclas"]
[Result "1/2-1/2"]
[WhiteElo "2615"]
[BlackElo "2601"]
[EventDate "2025.05.15"]
[PlyCount "80"]

1.e4 e5 2.Nf3 Nf6 3.Nxe5 d6 4.Nf3 Nxe4 5.d4 d5 6.Bd3 Bd6 7.O-O O-O 8.c4 c6
9.Re1 Bf5 10.Qb3 Na6 11.cxd5 cxd5 12.Nc3 Nb4 13.Bxe4 dxe4 14.Bg5 Qd7 15.
Nxe4 Be6 16.Qa3 f6 17.Bd2 a5 18.Nxd6 Qxd6 19.Bxb4 axb4 20.Qd3 Bf7 21.Nh4 
g6 22.Nf3 Rfd8 23.h3 Ra5 24.a3 bxa3 25.Rxa3 Rxa3 26.bxa3 Ra8 27.Re3 Ra4 
28.Qc3 b6 29.Rd3 Kg7 30.Nd2 Bd5 31.Qb2 h5 32.Nb1 Be4 33.Nc3 Qxa3 34.Nxa4 
Qxd3 35.Nxb6 Bc6 36.f3 h4 37.d5 Bxd5 38.Nxd5 Qxd5 39.Qb4 g5 40.Qe7+ Kg6 
1/2-1/2

[Event "34th GER-ch"]
[Site "Munich GER"]
[Date "2025.05.17"]
[Round "3.2"]
[White "Dobrikov, Marco"]
[Black "Svane, Rasmus"]
[Result "1-0"]
[WhiteElo "2404"]
[BlackElo "2629"]
[EventDate "2025.05.15"]
[PlyCount "139"]

1.e4 c6 2.d4 d5 3.exd5 cxd5 4.Bd3 Nc6 5.c3 e6 6.Bf4 Bd6 7.Bxd6 Qxd6 8.Nf3 
Nge7 9.O-O O-O 10.Re1 Bd7 11.Nbd2 f6 12.Qb1 g6 13.c4 b6 14.a3 Qf4 15.Nb3 
Rac8 16.Qc1 Qd6 17.Nbd2 g5 18.c5 Qf4 19.g3 Qg4 20.Qc3 Nf5 21.Bxf5 Qxf5 22.
b4 bxc5 23.dxc5 e5 24.b5 d4 25.Qc4+ Be6 26.Qe2 Nd8 27.Ne4 Nf7 28.c6 Bd5 
29.Nfd2 Qg6 30.Qh5 Kg7 31.Qxg6+ hxg6 32.f3 f5 33.Nf2 g4 34.Nd3 Rce8 35.f4 
e4 36.Nb4 Be6 37.a4 Nd6 38.Na6 Re7 39.Rab1 e3 40.Nf1 Bc4 41.Nd2 Rfe8 42.
Nxc4 Nxc4 43.Rbd1 Nd2 44.Kg2 d3 45.Nc5 Rd8 46.Rxe3 Rxe3 47.Rxd2 Rde8 48.
Nxd3 Re2+ 49.Rxe2 Rxe2+ 50.Kf1 Rc2 51.a5 Kf6 52.Nb4 Rc1+ 53.Ke2 Ke6 54.b6 
axb6 55.axb6 Rb1 56.b7 Rb2+ 57.Kd3 Rxb4 58.c7 Rxb7 59.c8=Q+ Rd7+ 60.Kc4 
Ke7 61.Qh8 Rd6 62.Qg7+ Ke8 63.Kc5 Ra6 64.Kd5 Kd8 65.Ke5 Kc8 66.Qg8+ Kb7 
67.Qd5+ Kc7 68.Qc5+ Kb7 69.Qb5+ Rb6 70.Qxb6+ 1-0

[Event "34th GER-ch"]
[Site "Munich GER"]
[Date "2025.05.17"]
[Round "3.3"]
[White "Svane, Frederik"]
[Black "Bluebaum, Matthias"]
[Result "1/2-1/2"]
[WhiteElo "2671"]
[BlackElo "2660"]
[EventDate "2025.05.15"]
[PlyCount "173"]

1.Nf3 d5 2.g3 g6 3.d4 Bg7 4.c4 dxc4 5.Bg2 Nf6 6.Na3 O-O 7.O-O c5 8.dxc5 c3
9.Nb5 Na6 10.Nxc3 Nxc5 11.Be3 Nce4 12.Nxe4 Nxe4 13.Bd4 Bxd4 14.Qxd4 Qxd4 
15.Nxd4 Nd6 16.Rac1 Rd8 17.Rfd1 Bd7 18.f4 Rac8 19.Kf2 Kg7 20.b3 a5 21.e4 
Nb5 22.Ne2 Bg4 23.Bf3 Rxd1 24.Rxd1 h5 25.Ke3 Bxf3 26.Kxf3 Rc2 27.Rd7 Nc3 
28.Nd4 Rxa2 29.Rxe7 Rd2 30.Ke3 Rxh2 31.Kd3 Rh3 32.Kxc3 Rxg3+ 33.Kd2 h4 34.
e5 Kf8 35.Rc7 h3 36.Rc1 b5 37.Nxb5 Rxb3 38.Nd4 Rg3 39.Ke2 a4 40.Kf2 Rg2+ 
41.Kf3 a3 42.Ne2 a2 43.Ra1 g5 44.fxg5 Rxg5 45.Ng3 Rxe5 46.Rxa2 Rb5 47.Kg4 
f5+ 48.Nxf5 Rb1 49.Kf4 h2 50.Rxh2 Kf7 51.Ke5 Re1+ 52.Kd5 Rd1+ 53.Nd4 Ke7 
54.Rf2 Kd7 55.Rf7+ Ke8 56.Ra7 Kd8 57.Ke5 Kc8 58.Rh7 Kd8 59.Nc6+ Kc8 60.
Ne7+ Kd8 61.Nd5 Ke8 62.Kd6 Kf8 63.Rd7 Ke8 64.Ra7 Kf8 65.Ra3 Kf7 66.Rf3+ 
Ke8 67.Rf2 Rd3 68.Ke6 Rd1 69.Re2 Kd8 70.Rb2 Re1+ 71.Kd6 Ke8 72.Rf2 Rd1 73.
Rf3 Rd2 74.Rf1 Rd3 75.Ke6 Rd2 76.Re1 Kd8 77.Rg1 Re2+ 78.Kd6 Ke8 79.Nf4 
Rd2+ 80.Ke6 Kd8 81.Rc1 Ra2 82.Rd1+ Ke8 83.Kf6 Rf2 84.Rd4 Rf1 85.Ke5 Re1+ 
86.Re4 Rxe4+ 87.Kxe4 1/2-1/2

[Event "34th GER-ch"]
[Site "Munich GER"]
[Date "2025.05.17"]
[Round "3.5"]
[White "Costa, Leonardo"]
[Black "Wagner, Dennis"]
[Result "1/2-1/2"]
[WhiteElo "2531"]
[BlackElo "2616"]
[EventDate "2025.05.15"]
[PlyCount "77"]

1.e4 e5 2.Nf3 Nc6 3.Bb5 a6 4.Ba4 Nf6 5.O-O Nxe4 6.d4 b5 7.Bb3 d5 8.dxe5 
Be6 9.Qe2 Nc5 10.Bg5 Be7 11.Bxe7 Nxe7 12.Nbd2 O-O 13.Nd4 Nd7 14.f4 c5 15.
Nxe6 fxe6 16.c3 Qb6 17.Kh1 Rf7 18.g3 c4 19.Bc2 Nf5 20.Nf3 g6 21.Rae1 Raf8 
22.Ng5 Rg7 23.g4 Ne7 24.Qd2 Nc5 25.Qe3 Qc6 26.Kg1 Na4 27.Qc1 Qb6+ 28.Kh1 
Nc5 29.h3 b4 30.Qe3 Qa5 31.Re2 Qb5 32.Ref2 a5 33.Nf3 Kh8 34.Nd4 Qb7 35.Kh2
Rfg8 36.Nf3 Qc7 37.Nd4 Qb7 38.Nf3 Qc7 39.Nd4 1/2-1/2

[Event "34th GER-ch"]
[Site "Munich GER"]
[Date "2025.05.18"]
[Round "4.1"]
[White "Huschenbeth, Niclas"]
[Black "Wagner, Dennis"]
[Result "1/2-1/2"]
[WhiteElo "2601"]
[BlackElo "2616"]
[EventDate "2025.05.15"]
[PlyCount "66"]

1.e4 e5 2.Nf3 Nc6 3.Bb5 a6 4.Ba4 Nf6 5.O-O Nxe4 6.d4 b5 7.Bb3 d5 8.dxe5 
Be6 9.c3 Be7 10.Bc2 Qd7 11.Nbd2 Bf5 12.Nd4 Nxd4 13.cxd4 Nxd2 14.Bxd2 c5 
15.dxc5 Bxc5 16.Bxf5 Qxf5 17.Rc1 Rc8 18.Be3 Bxe3 19.fxe3 Qe6 20.Rxc8+ Qxc8
21.Qxd5 O-O 22.h3 h6 23.b3 Qd8 24.e4 Qe7 25.e6 fxe6 26.Rxf8+ Kxf8 27.Qc6 
Kf7 28.Qxa6 Qc5+ 29.Kh1 Qc1+ 30.Kh2 Qf4+ 31.Kg1 Qc1+ 32.Kh2 Qf4+ 33.Kg1 
Qc1+ 1/2-1/2

[Event "34th GER-ch"]
[Site "Munich GER"]
[Date "2025.05.18"]
[Round "4.3"]
[White "Bluebaum, Matthias"]
[Black "Kraemer, Martin"]
[Result "1/2-1/2"]
[WhiteElo "2660"]
[BlackElo "2581"]
[EventDate "2025.05.15"]
[PlyCount "91"]

1.d4 Nf6 2.c4 e6 3.Nf3 d5 4.cxd5 exd5 5.Nc3 c6 6.Bf4 Bd6 7.Bxd6 Qxd6 8.e3 
O-O 9.Qb3 b6 10.Rc1 Nbd7 11.Bd3 Bb7 12.O-O Rfe8 13.h3 Rac8 14.Rfd1 g6 15.
a3 Qe7 16.Qb4 c5 17.dxc5 Nxc5 18.Bb5 Red8 19.Qh4 Nce4 20.Ne2 Rc5 21.Bd3 a5
22.Rb1 Kg7 23.Qf4 Re8 24.b4 axb4 25.Rxb4 Ra5 26.Rxb6 Rxa3 27.Nfd4 Bc8 28.
Bxe4 dxe4 29.Rb5 Nh5 30.Qh2 Ba6 31.Ng3 Kh8 32.Rb6 Ng7 33.Nf1 Bxf1 34.Rxf1 
Ra7 35.Rfb1 Rd7 36.Rb8 h6 37.Rxe8+ Nxe8 38.Qf4 Kg7 39.Nc6 Qe6 40.Nd4 Qe7 
41.Qg4 h5 42.Qf4 Nf6 43.Rb8 Qd6 44.Qxd6 Rxd6 45.Kh2 h4 46.Rb7 1/2-1/2

[Event "34th GER-ch"]
[Site "Munich GER"]
[Date "2025.05.18"]
[Round "4.4"]
[White "Svane, Rasmus"]
[Black "Svane, Frederik"]
[Result "1/2-1/2"]
[WhiteElo "2629"]
[BlackElo "2671"]
[EventDate "2025.05.15"]
[PlyCount "103"]

1.d4 d5 2.c4 e6 3.Nf3 Nd7 4.Nc3 Ngf6 5.Qc2 c6 6.e3 Bd6 7.b3 O-O 8.Be2 b6 
9.O-O Bb7 10.Bb2 Re8 11.Rad1 Qe7 12.Rfe1 Rad8 13.e4 Nxe4 14.Nxe4 dxe4 15.
Qxe4 Bb4 16.Rf1 Ba3 17.Bxa3 Qxa3 18.Bd3 Nf6 19.Qe3 c5 20.dxc5 Bxf3 21.Qxf3
bxc5 22.Bb1 Qa5 23.h3 h5 24.Qe3 Qc7 25.Be4 Rxd1 26.Rxd1 Rd8 27.Rxd8+ Qxd8 
28.Bf3 Qa5 29.g3 Qxa2 30.Qxc5 Qxb3 31.Kg2 a5 32.Qxa5 Qxc4 33.Bxh5 Nxh5 34.
Qxh5 g6 35.Qe5 Qc6+ 36.Kg1 Qc1+ 37.Kg2 Qc6+ 38.Kg1 Qf3 39.Qb8+ Kg7 40.Qb2+
Kg8 41.Qd4 Kh7 42.h4 Kg8 43.Qd8+ Kg7 44.Qd4+ Kg8 45.Qe5 Kh7 46.Qa1 Kg8 47.
Qb2 Kh7 48.Qe5 Kg8 49.Qd4 Kh7 50.Qa1 Kg8 51.Qd4 Kh7 52.Qa1 1/2-1/2

[Event "34th GER-ch"]
[Site "Munich GER"]
[Date "2025.05.18"]
[Round "4.5"]
[White "Donchenko, Alexander"]
[Black "Dobrikov, Marco"]
[Result "1-0"]
[WhiteElo "2615"]
[BlackElo "2404"]
[EventDate "2025.05.15"]
[PlyCount "81"]

1.d4 Nf6 2.c4 e6 3.Nc3 d5 4.cxd5 exd5 5.Bg5 c6 6.e3 Bd6 7.Bd3 Be6 8.Qc2 
Nbd7 9.Nge2 h6 10.Bh4 O-O 11.h3 c5 12.dxc5 Nxc5 13.O-O Rc8 14.Rad1 Be7 15.
Qb1 Qb6 16.Bc2 Rfd8 17.Nd4 a6 18.Nf5 Bxf5 19.Bxf5 Rb8 20.Rd4 g5 21.Bg3 Bd6
22.Bxd6 Rxd6 23.b4 Nce4 24.Bxe4 dxe4 25.Rxd6 Qxd6 26.Nxe4 Nxe4 27.Qxe4 Rc8
28.h4 Rc6 29.hxg5 hxg5 30.a3 Kg7 31.g3 b5 32.Qg4 Qf6 33.Qe2 Rc3 34.Qa2 Qe6
35.Qa1 Qe5 36.Rd1 Kf8 37.Rd3 Rc5 38.Qxe5 Rxe5 39.Rd6 a5 40.bxa5 Ke7 41.Rd4
1-0

[Event "34th GER-ch"]
[Site "Munich GER"]
[Date "2025.05.19"]
[Round "5.1"]
[White "Dobrikov, Marco"]
[Black "Huschenbeth, Niclas"]
[Result "0-1"]
[WhiteElo "2404"]
[BlackElo "2601"]
[EventDate "2025.05.15"]
[PlyCount "78"]

1.c4 e5 2.g3 Nf6 3.Bg2 d5 4.cxd5 Nxd5 5.Nc3 Nb6 6.Nf3 Nc6 7.d3 Be7 8.O-O 
O-O 9.a3 Be6 10.b4 f6 11.Be3 Re8 12.Nd2 Rb8 13.Bxc6 bxc6 14.Nde4 Bh3 15.
Qb3+ Kh8 16.Rfd1 f5 17.Nd2 f4 18.gxf4 Bd6 19.f5 Nd5 20.Nde4 Nxe3 21.fxe3 
Rf8 22.Kh1 Rxf5 23.Rg1 Qh4 24.Qd1 Qh6 25.Qe1 Rbf8 26.Qg3 Be7 27.Nd1 R5f7 
28.Ndc3 Rf5 29.Nd1 R5f7 30.Ndc3 Bc8 31.Ng5 Rf5 32.Nge4 R5f7 33.Ng5 Rf5 34.
Nge4 Kg8 35.Nb1 Bh4 36.Qg2 Rf2 37.Nxf2 Rxf2 38.Nd2 Rxg2 39.Rxg2 Bh3 0-1

[Event "34th GER-ch"]
[Site "Munich GER"]
[Date "2025.05.19"]
[Round "5.2"]
[White "Svane, Frederik"]
[Black "Donchenko, Alexander"]
[Result "1/2-1/2"]
[WhiteElo "2671"]
[BlackElo "2615"]
[EventDate "2025.05.15"]
[PlyCount "68"]

1.e4 e5 2.Nf3 Nc6 3.Bb5 a6 4.Ba4 Nf6 5.O-O Bc5 6.c3 b5 7.Bb3 d6 8.a4 Bg4 
9.h3 Bxf3 10.Qxf3 Na5 11.Ba2 b4 12.cxb4 Bxb4 13.d3 O-O 14.Nc3 Nc6 15.Bg5 
Nd4 16.Qd1 c6 17.f4 exf4 18.Rxf4 Ne6 19.Bxe6 fxe6 20.Qb3 Bc5+ 21.Kh1 Qe7 
22.Ne2 h6 23.Bxf6 Rxf6 24.Rxf6 Qxf6 25.Rd1 a5 26.d4 Bb4 27.Ng1 d5 28.Qc2 
Rc8 29.exd5 exd5 30.Nf3 Bd6 31.Qc3 Bb4 32.Qe3 Bd6 33.Qc3 Bb4 34.Qe3 Bd6 
1/2-1/2

[Event "34th GER-ch"]
[Site "Munich GER"]
[Date "2025.05.19"]
[Round "5.3"]
[White "Kraemer, Martin"]
[Black "Svane, Rasmus"]
[Result "1/2-1/2"]
[WhiteElo "2581"]
[BlackElo "2629"]
[EventDate "2025.05.15"]
[PlyCount "63"]

1.e4 e5 2.Nf3 Nc6 3.Nc3 Nf6 4.d4 exd4 5.Nxd4 Bb4 6.Nxc6 bxc6 7.Bd3 O-O 8.
O-O d5 9.Bd2 Bxc3 10.Bxc3 dxe4 11.Bxf6 Qxf6 12.Bxe4 Qxb2 13.Bxc6 Rb8 14.
Rb1 Qxb1 15.Qxb1 Rxb1 16.Rxb1 Rd8 17.Bf3 Kf8 18.Rb3 Be6 19.Rb7 c5 20.Rc7 
Bxa2 21.Rxa7 Bd5 22.Rc7 Bxf3 23.gxf3 Rd5 24.f4 Rf5 25.Kg2 Rxf4 26.Rxc5 g5 
27.Rxg5 Rc4 28.Rg3 Rxc2 29.Rh3 Kg7 30.Rg3+ Kf8 31.Rh3 Kg7 32.Rg3+ 1/2-1/2

[Event "34th GER-ch"]
[Site "Munich GER"]
[Date "2025.05.19"]
[Round "5.4"]
[White "Costa, Leonardo"]
[Black "Bluebaum, Matthias"]
[Result "1/2-1/2"]
[WhiteElo "2531"]
[BlackElo "2660"]
[EventDate "2025.05.15"]
[PlyCount "86"]

1.e4 e6 2.d4 d5 3.e5 c5 4.c3 Nc6 5.Nf3 Qc7 6.Be2 f6 7.O-O fxe5 8.Nxe5 Bd6 
9.Bb5 Nf6 10.Nd2 Bxe5 11.dxe5 Qxe5 12.Nf3 Qd6 13.Qa4 Bd7 14.Bf4 Qe7 15.Ne5
Nxe5 16.Bxe5 a6 17.Bxf6 gxf6 18.Bxd7+ Qxd7 19.Qh4 O-O 20.Qg4+ Kh8 21.Rfe1 
Rae8 22.Rad1 Qd6 23.Qe4 Qc6 24.Qf3 b5 25.Rd2 Rd8 26.Red1 Rd6 27.h4 Qd7 28.
Qe3 Rc8 29.f4 Qa7 30.Qf2 Qf7 31.a3 Qg8 32.h5 Qf7 33.h6 a5 34.Qf3 Rcd8 35.
Qf2 Rc8 36.Qf3 Rcd8 37.Qf2 c4 38.Re1 Re8 39.Qc5 Qd7 40.Re3 Rg8 41.Re1 Re8 
42.Qd4 Qf7 43.Qc5 Qd7 1/2-1/2

[Event "34th GER-ch"]
[Site "Munich GER"]
[Date "2025.05.20"]
[Round "6.2"]
[White "Bluebaum, Matthias"]
[Black "Wagner, Dennis"]
[Result "1-0"]
[WhiteElo "2660"]
[BlackElo "2616"]
[EventDate "2025.05.15"]
[PlyCount "153"]

1.d4 Nf6 2.c4 e6 3.Nc3 Bb4 4.e3 O-O 5.Bd3 c5 6.Nf3 d5 7.O-O dxc4 8.Bxc4 
Nc6 9.a3 Ba5 10.h3 Qe7 11.Qc2 cxd4 12.exd4 Rd8 13.Rd1 h6 14.Ba2 Bd7 15.Ne4
Bb6 16.Bb1 Nxe4 17.Qxe4 f5 18.Qe3 e5 19.Nxe5 Nxe5 20.Ba2+ Kf8 21.Bd2 Nc6 
22.Qb3 Be6 23.Qxe6 Qxe6 24.Bxe6 Rxd4 25.Bc3 Re4 26.Bxf5 Rf4 27.Bg6 Bxf2+ 
28.Kh2 Bd4 29.Rf1 Rf6 30.Bxd4 Nxd4 31.Rxf6+ gxf6 32.Rc1 Nc6 33.Be4 Ke7 34.
Bxc6 bxc6 35.Rxc6 a5 36.Rc7+ Ke6 37.Rh7 Rb8 38.Rxh6 Rxb2 39.Rh5 f5 40.Rh6+
Ke5 41.Ra6 Rb5 42.a4 Rc5 43.Kg3 f4+ 44.Kh4 Ke4 45.Kg4 Rc2 46.Re6+ Kd5 47.
Rf6 Rxg2+ 48.Kxf4 Rf2+ 49.Kg5 Rg2+ 50.Kh5 Kc4 51.Rg6 Rd2 52.Rg4+ Kb3 53.h4
Rc2 54.Kg6 Rc6+ 55.Kf7 Rc7+ 56.Ke6 Rc6+ 57.Kd7 Rh6 58.Ke7 Rc6 59.Rf4 Rb6 
60.Kf7 Rc6 61.Kg7 Rc7+ 62.Kg6 Rc6+ 63.Kg5 Rc8 64.h5 Rg8+ 65.Kh4 Rh8 66.Re4
Ka3 67.Kg5 Rg8+ 68.Kf6 Rh8 69.Rh4 Rxh5 70.Rxh5 Kxa4 71.Ke5 Kb3 72.Kd4 a4 
73.Kd3 a3 74.Rb5+ Ka4 75.Rb8 a2 76.Kc2 a1=N+ 77.Kb2 1-0

[Event "34th GER-ch"]
[Site "Munich GER"]
[Date "2025.05.20"]
[Round "6.3"]
[White "Svane, Rasmus"]
[Black "Costa, Leonardo"]
[Result "1/2-1/2"]
[WhiteElo "2629"]
[BlackElo "2531"]
[EventDate "2025.05.15"]
[PlyCount "115"]

1.e4 e5 2.Nf3 Nc6 3.Bc4 Bc5 4.c3 Nf6 5.d3 d6 6.b4 Bb6 7.a4 a5 8.b5 Ne7 9.
O-O Ng6 10.Nbd2 O-O 11.d4 Bg4 12.Qc2 exd4 13.cxd4 d5 14.exd5 Nxd5 15.Ba3 
Re8 16.Qb3 Be6 17.Rfe1 Ndf4 18.Bxe6 Nxe6 19.Bb2 Qd7 20.Re4 Nef4 21.Rae1 
Rxe4 22.Rxe4 Rd8 23.g3 Nd5 24.Ne5 Nxe5 25.Rxe5 h6 26.Nf3 Nf6 27.Kg2 Nd5 
28.Ba3 c6 29.bxc6 Qxc6 30.Bb2 Bc7 31.Re1 Nb6 32.Rc1 Qxa4 33.Qxa4 Nxa4 34.
Rxc7 Nxb2 35.Rxb7 Nc4 36.Ra7 Rd5 37.Kf1 g5 38.Ke2 Rb5 39.Kd3 Rb3+ 40.Kxc4 
Rxf3 41.Rxa5 Rxf2 42.h4 Rc2+ 43.Kb4 Rb2+ 44.Kc5 Kg7 45.hxg5 hxg5 46.Ra3 f5
47.d5 Rc2+ 48.Kd4 f4 49.gxf4 gxf4 50.Ke5 Re2+ 51.Kxf4 Kf6 52.Ra7 Re1 53.
Rh7 Re2 54.d6 Rd2 55.Rh6+ Kf7 56.Ke5 Ke8 57.Ke6 Re2+ 58.Kd5 1/2-1/2

[Event "34th GER-ch"]
[Site "Munich GER"]
[Date "2025.05.20"]
[Round "6.4"]
[White "Donchenko, Alexander"]
[Black "Kraemer, Martin"]
[Result "0-1"]
[WhiteElo "2615"]
[BlackElo "2581"]
[EventDate "2025.05.15"]
[PlyCount "118"]

1.c4 e5 2.g3 Nf6 3.Bg2 d5 4.cxd5 Nxd5 5.Nf3 Nc6 6.O-O Nb6 7.b3 Be6 8.Bb2 
f6 9.Nc3 Qd7 10.Qb1 O-O-O 11.d4 exd4 12.Rd1 Be7 13.Nb5 Bd5 14.Nbxd4 Nxd4 
15.Nxd4 Bxg2 16.Kxg2 g6 17.Qc2 Kb8 18.Rac1 c5 19.Nf3 Qe6 20.e4 Rxd1 21.
Rxd1 Re8 22.h4 a6 23.e5 fxe5 24.Nxe5 Ka7 25.a4 Bf6 26.Qxc5 Bxe5 27.Re1 
Qxb3 28.Bxe5 Rc8 29.Bc7 Qd5+ 30.Qxd5 Nxd5 31.Be5 b5 32.Rd1 Rd8 33.Kf3 bxa4
34.Rd3 Kb6 35.Ke4 Kc6 36.g4 Rd7 37.f4 Nb6 38.Rc3+ Kb5 39.f5 gxf5+ 40.Kxf5 
Nc4 41.Bf6 Rd1 42.Be7 Re1 43.Ba3 Nxa3 44.Rxa3 Kb4 45.Rd3 Rc1 46.Rd6 a5 47.
Rd4+ Kb5 48.Rd3 Kb4 49.Rd4+ Rc4 50.Rd1 a3 51.h5 a2 52.g5 Rc2 53.g6 hxg6+ 
54.Kxg6 Rg2+ 55.Kf7 Rh2 56.Kg6 Kb3 57.h6 Kb2 58.h7 a1=Q 59.Rd2+ Rxd2 0-1

[Event "34th GER-ch"]
[Site "Munich GER"]
[Date "2025.05.20"]
[Round "6.5"]
[White "Dobrikov, Marco"]
[Black "Svane, Frederik"]
[Result "0-1"]
[WhiteElo "2404"]
[BlackElo "2671"]
[EventDate "2025.05.15"]
[PlyCount "168"]

1.c4 g6 2.Nc3 Bg7 3.g3 Nf6 4.Bg2 O-O 5.Nf3 Nc6 6.O-O d5 7.cxd5 Nxd5 8.d4 
Rb8 9.e4 Nxc3 10.bxc3 e5 11.d5 Na5 12.Ba3 Re8 13.Bb4 Nc4 14.Nd2 Nxd2 15.
Qxd2 b6 16.c4 c5 17.Bc3 Ba6 18.Qd3 b5 19.f4 b4 20.Bb2 Qd6 21.f5 gxf5 22.
Rxf5 Bc8 23.Rf2 a5 24.Raf1 Rb7 25.Qd1 Rf8 26.Bc1 Rc7 27.Bg5 f6 28.Be3 Bd7 
29.Qh5 a4 30.Bh3 Bxh3 31.Qxh3 b3 32.axb3 axb3 33.Rb1 Rb8 34.Rfb2 Rcb7 35.
Qf1 Bf8 36.Qd1 Qd7 37.Rxb3 Rxb3 38.Rxb3 Rxb3 39.Qxb3 Qg4 40.Qc2 Qf3 41.Bf2
Bd6 42.h4 Kf7 43.Kf1 f5 44.exf5 e4 45.Qe2 Qh1+ 46.Bg1 Qh3+ 47.Qg2 Qg4 48.
Bf2 Be5 49.Kg1 Bd4 50.Bxd4 cxd4 51.c5 d3 52.d6 Qd1+ 53.Qf1 Qc2 54.d7 Qxc5+
55.Kg2 Qd5 56.Qf4 e3+ 57.Qf3 Qxd7 58.Qxe3 d2 59.Qb3+ Ke7 60.Qd1 Qd3 61.Kf2
Kf6 62.g4 Ke5 63.Qa1+ Kd6 64.Qd1 Ke5 65.Qa1+ Kd5 66.Qd1 Ke4 67.Qa4+ Ke5 
68.Qa1+ Ke4 69.Qa4+ Kd5 70.Qd1 Kd4 71.Qa1+ Qc3 72.Qa4+ Kd3 73.Kf3 Qc2 74.
Qd7+ Kc3 75.Qg7+ Kb3 76.Qb7+ Ka3 77.Kf4 d1=Q 78.Kg5 Qc4 79.Qa7+ Kb3 80.
Qb7+ Kc3 81.Qg7+ Qdd4 82.Qb7 Qg8+ 83.Kh6 Qf6+ 84.Kh5 Qfg6+ 0-1